000 00392nam a2200145Ia 4500
020 _a9748209113
040 _cOSU
082 _a813 ASI 1992 A097 Or.
100 1 _aKoga, Kiyoshi
245 1 0 _aIntroduction to Paddy Field Engineering /
260 _aBangkok, Thailand :
_bAsian Institute of Technology,
_c1992
300 _a130 p. ;
_c26 cm
650 0 _aIrrigation engineering
942 _cEK
999 _c14757
_d14757